<?xml version="1.0" encoding="UTF-8"?>
<record
    xmlns:xsi="http://www.w3.org/2001/XMLSchema-instance"
    xsi:schemaLocation="http://www.loc.gov/MARC21/slim http://www.loc.gov/standards/marcxml/schema/MARC21slim.xsd"
    xmlns="http://www.loc.gov/MARC21/slim">

  <leader>04385cam a2200421 i 4500</leader>
  <controlfield tag="001">896906355</controlfield>
  <controlfield tag="003">OCoLC</controlfield>
  <controlfield tag="005">20180904162146.0</controlfield>
  <controlfield tag="008">141028t20152015moua     b    001 0 eng  </controlfield>
  <datafield tag="015" ind1=" " ind2=" ">
    <subfield code="a">GBB4D0649</subfield>
    <subfield code="2">bnb</subfield>
  </datafield>
  <datafield tag="020" ind1=" " ind2=" ">
    <subfield code="a">9781455745913</subfield>
    <subfield code="q">(hbk.)</subfield>
  </datafield>
  <datafield tag="020" ind1=" " ind2=" ">
    <subfield code="a">145574591X</subfield>
    <subfield code="q">(hbk.)</subfield>
  </datafield>
  <datafield tag="035" ind1=" " ind2=" ">
    <subfield code="a">(OCoLC)896906355</subfield>
    <subfield code="z">(OCoLC)877372454</subfield>
  </datafield>
  <datafield tag="040" ind1=" " ind2=" ">
    <subfield code="a">NLM</subfield>
    <subfield code="b">eng</subfield>
    <subfield code="e">rda</subfield>
    <subfield code="c">NLM</subfield>
    <subfield code="d">UKMGB</subfield>
    <subfield code="d">YDXCP</subfield>
    <subfield code="d">GWM</subfield>
    <subfield code="d">OCLCF</subfield>
    <subfield code="d">LANGC</subfield>
    <subfield code="d">MXC</subfield>
  </datafield>
  <datafield tag="042" ind1=" " ind2=" ">
    <subfield code="a">nlmcopyc</subfield>
  </datafield>
  <datafield tag="050" ind1=" " ind2="4">
    <subfield code="a">RB111</subfield>
    <subfield code="b">.G66 2015</subfield>
  </datafield>
  <datafield tag="060" ind1="0" ind2="0">
    <subfield code="a">2015 C-490</subfield>
  </datafield>
  <datafield tag="060" ind1="1" ind2="0">
    <subfield code="a">QZ 140</subfield>
  </datafield>
  <datafield tag="082" ind1="0" ind2="4">
    <subfield code="a">616.0702461582</subfield>
    <subfield code="2">23</subfield>
    <subfield code="b">GCP</subfield>
  </datafield>
  <datafield tag="100" ind1="1" ind2=" ">
    <subfield code="a">Goodman, Catherine Cavallaro,</subfield>
    <subfield code="e">author</subfield>
    <subfield code="9">36100</subfield>
  </datafield>
  <datafield tag="245" ind1="1" ind2="0">
    <subfield code="a">Pathology :</subfield>
    <subfield code="b">implications for the physical therapist /</subfield>
    <subfield code="c">Catherine Cavallaro Goodman, Kenda S. Fuller</subfield>
  </datafield>
  <datafield tag="250" ind1=" " ind2=" ">
    <subfield code="a">Fourth edition</subfield>
  </datafield>
  <datafield tag="300" ind1=" " ind2=" ">
    <subfield code="a">xviii, 1782 pages :</subfield>
    <subfield code="b">illustrations ;</subfield>
    <subfield code="c">29 cm</subfield>
  </datafield>
  <datafield tag="504" ind1=" " ind2=" ">
    <subfield code="a">Includes bibliographical references and index</subfield>
  </datafield>
  <datafield tag="505" ind1="0" ind2=" ">
    <subfield code="a">Pt. 1. Introduction. Introduction to concepts of pathology / Catherine Cavallaro Goodman -- Behavioral, social, and environmental factors contributing to disease and dysfunction / Tamara L. Burlis, Susan S. Deusinger, Denise Gaffigan-Bender -- The psychosocial-spiritual impact on health care / Susan Ann Talley, Beth Anne Fisher, Kathleen J. Pantano, Darino Sargeant, Kimberly Dunleavy, Bonnie Yost -- Environmental and occupational medicine / Lynzie Schulte -- Problems affecting multiple systems / Celeste Peterson, Meredith A. Wampler, Joy C. Cohn, Lara A. Firrone -- Injury, inflammation, healing, and repair / Rolando T. Lazaro, Annie Burke-Doe --</subfield>
  </datafield>
  <datafield tag="505" ind1="0" ind2=" ">
    <subfield code="a">Pt. 2. Clinical medicine. The immune system / Joseph A. Fraietta, David M Kietrys -- Infectious disease / Kim Levenhagen, Celeste Peterson -- Oncology / Charles L. McGarvey, Lisa VanHoose, Mary Calys, Joseph A. Fraietta -- The integumentary system / Harriett B. Loehne, Alan W. Chong Lee -- The endocrine and metabolic systems / Catherine Cavallaro Goodman, Gina Pariser -- The cardiovascular system / Irina V. Smirnova -- The lymphatic system / Bonnie Lasinski -- The hematologic system / Celeste Peterson, Catherine Cavallaro Goodman -- The respiratory system / Lora Packel -- The gastrointestinal system / Celeste Peterson, Catherine Cavallaro Goodman -- The hepatic, pancreatic, and biliary systems / Catherine Cavallaro Goodman, Celeste Peterson -- The renal and urologic systems / Michael S. Castillo, Janice T. Dinglasan, Beth Shelly, Kathleen L. Allen -- The male genital/reproductive system / Lisa A. Massa, Beth Shelly -- The female genital/reproductive system / Beth Shelly, Valerie Wang, Holly Tanner, Patricia M. King -- Transplantation / Chris L. Wells, Courtney Frankel, Eva Gold, G. Stephen Morris --</subfield>
  </datafield>
  <datafield tag="505" ind1="0" ind2=" ">
    <subfield code="a">Pt. 3. Pathology of the musculoskeletal system. Introduction to pathology of the musculoskeletal system / Kevin Helgeson -- Genetic and developmental disorders / Allan M. Glanzman -- Metabolic disorders / Kevin Helgeson -- Infectious diseases of the musculoskeletal system / Kevin Helgeson -- Musculoskeletal neoplasms / Kevin Helgeson -- Soft-tissue, joint, and bone disorders / Kevin Helgeson</subfield>
  </datafield>
  <datafield tag="505" ind1="0" ind2=" ">
    <subfield code="a">Pt. 4. Pathology of the nervous system. Introduction to central nervous system disorders / Kenda S. Fuller -- Infectious disorders of the central nervous system / Kenda S. Fuller -- Central nervous system neoplasms / Stephen A. Gudas -- Degenerative diseases of the central nervous system / Kenda S. Fuller, Erica Demarch, Patricia A. Winkler -- Stroke / Kenda S. Fuller -- Traumatic brain injury / Karen L. McCulloch, Kenda S. Fuller -- Traumatic spinal cord injury / Candy Tefertiller, Laura S. Wehrli, Kenda S. Fuller -- Cerbral palsy / Allan M. Glanzman -- Seizures and epilepsy / Kenda S. Fuller -- Headache / Kenda S. Fuller, Heather Campbell -- Vestibular disorders / Kenda S. Fuller -- The peripheral nervous system / Robyn Gisbert, Kenda S. Fuller -- Laboratory tests and values / Glenn Irion</subfield>
  </datafield>
  <datafield tag="650" ind1="1" ind2="2">
    <subfield code="a">Pathology</subfield>
    <subfield code="9">64811</subfield>
  </datafield>
  <datafield tag="650" ind1="2" ind2="2">
    <subfield code="a">Musculoskeletal System</subfield>
    <subfield code="x">pathology</subfield>
    <subfield code="9">64812</subfield>
  </datafield>
  <datafield tag="650" ind1="2" ind2="2">
    <subfield code="a">Nervous System</subfield>
    <subfield code="x">pathology</subfield>
    <subfield code="9">64813</subfield>
  </datafield>
  <datafield tag="650" ind1="2" ind2="2">
    <subfield code="a">Physical Therapy Modalities</subfield>
    <subfield code="9">64814</subfield>
  </datafield>
  <datafield tag="650" ind1=" " ind2="0">
    <subfield code="a">Physiology, Pathological</subfield>
    <subfield code="v">Handbooks, manuals, etc</subfield>
    <subfield code="9">10649</subfield>
  </datafield>
  <datafield tag="650" ind1=" " ind2="0">
    <subfield code="a">Physical therapy assistants</subfield>
    <subfield code="v">Handbooks, manuals, etc</subfield>
    <subfield code="9">64815</subfield>
  </datafield>
  <datafield tag="655" ind1=" " ind2="7">
    <subfield code="a">Handbooks, manuals, etc.</subfield>
    <subfield code="2">fast</subfield>
    <subfield code="9">64816</subfield>
  </datafield>
  <datafield tag="700" ind1="1" ind2=" ">
    <subfield code="a">Fuller, Kenda S.,</subfield>
    <subfield code="e">author</subfield>
    <subfield code="9">64817</subfield>
  </datafield>
  <datafield tag="942" ind1=" " ind2=" ">
    <subfield code="2">ddc</subfield>
    <subfield code="c">BOOK</subfield>
  </datafield>
  <datafield tag="999" ind1=" " ind2=" ">
    <subfield code="c">42747</subfield>
    <subfield code="d">312367</subfield>
  </datafield>
  <datafield tag="952" ind1=" " ind2=" ">
    <subfield code="1">0</subfield>
    <subfield code="2">2018-09-04</subfield>
    <subfield code="4">0</subfield>
    <subfield code="7">0</subfield>
    <subfield code="a">616.0702461582 GCP</subfield>
    <subfield code="d">2018-09-04</subfield>
    <subfield code="h">CL</subfield>
    <subfield code="i">00657631</subfield>
    <subfield code="m">CL</subfield>
    <subfield code="r">2018-09-04 00:00:00</subfield>
    <subfield code="t">BOOK</subfield>
    <subfield code="w">ddc</subfield>
    <subfield code="y">0</subfield>
  </datafield>
  <datafield tag="952" ind1=" " ind2=" ">
    <subfield code="1">0</subfield>
    <subfield code="2">2018-09-04</subfield>
    <subfield code="4">0</subfield>
    <subfield code="7">0</subfield>
    <subfield code="a">616.0702461582 GCP</subfield>
    <subfield code="d">2018-09-04</subfield>
    <subfield code="h">CL</subfield>
    <subfield code="i">00657632</subfield>
    <subfield code="m">CL</subfield>
    <subfield code="r">2018-09-04 00:00:00</subfield>
    <subfield code="t">BOOK</subfield>
    <subfield code="w">ddc</subfield>
    <subfield code="y">0</subfield>
  </datafield>
  <datafield tag="952" ind1=" " ind2=" ">
    <subfield code="1">0</subfield>
    <subfield code="2">2018-09-04</subfield>
    <subfield code="4">0</subfield>
    <subfield code="7">0</subfield>
    <subfield code="a">616.0702461582 GCP</subfield>
    <subfield code="d">2018-09-04</subfield>
    <subfield code="h">CL</subfield>
    <subfield code="i">00657633</subfield>
    <subfield code="m">CL</subfield>
    <subfield code="r">2018-09-04 00:00:00</subfield>
    <subfield code="t">BOOK</subfield>
    <subfield code="w">ddc</subfield>
    <subfield code="y">0</subfield>
  </datafield>
  <datafield tag="952" ind1=" " ind2=" ">
    <subfield code="1">0</subfield>
    <subfield code="2">2018-09-04</subfield>
    <subfield code="4">0</subfield>
    <subfield code="7">0</subfield>
    <subfield code="a">616.0702461582 GCP</subfield>
    <subfield code="d">2018-09-04</subfield>
    <subfield code="h">AMF</subfield>
    <subfield code="i">00657730</subfield>
    <subfield code="m">AMF</subfield>
    <subfield code="q">2021-11-18</subfield>
    <subfield code="r">2021-12-14 00:00:00</subfield>
    <subfield code="t">BOOK</subfield>
    <subfield code="w">ddc</subfield>
    <subfield code="y">3</subfield>
  </datafield>
  <datafield tag="952" ind1=" " ind2=" ">
    <subfield code="1">0</subfield>
    <subfield code="2">2019-08-20</subfield>
    <subfield code="4">0</subfield>
    <subfield code="7">0</subfield>
    <subfield code="a">616.0702461582 GCP</subfield>
    <subfield code="d">2019-08-20</subfield>
    <subfield code="h">AMF</subfield>
    <subfield code="i">00157026</subfield>
    <subfield code="m">AMF</subfield>
    <subfield code="q">2024-09-19</subfield>
    <subfield code="r">2024-09-19 00:00:00</subfield>
    <subfield code="s">2024-10-19</subfield>
    <subfield code="t">BOOK</subfield>
    <subfield code="w">ddc</subfield>
    <subfield code="y">5</subfield>
  </datafield>
</record>
